000 01440nam a2200325 i 4500
003 EG-GICUC
005 20260121101536.0
008 251224s1963 ua ||||fr|||| 000 0 ara d
017 _a19724312
040 _a EG-GICUC
_bara
_c EG-GICUC
_d EG-GICUC
_erda
041 0 _aara
082 0 4 _221
_a343.314
_bر ء . م
092 0 4 _221
099 _aLaw1 10 343.314 ر ء . م 1963
100 0 _aرؤوف عبيد.
_eمؤلف.
245 1 2 _aالمشكلات العملية الهامة في الإجراءات الجنائية.
_nالجزء الأول،
_pدراسات في تكييف الواقعة. القبض و التفتيش . حق الدفاع . استظهار قصد القتل . دعوى البلاغ الكاذب . الدعوى المدنية.
_cتاليف الدكتور رؤوف عبيد.
264 3 _aالقاهرة :
_bمطبعة نهضة مصر،
_c1963.
300 _a676 صفحة :
_bصفحات غير مرقمة ؛
_c24 سم.
336 _2rda content
_atext
337 _2rda media
_aComputer
338 _2rda carrier
_aOnline Resource
504 _aيشتمل على إرجاعات ببليوجرافية.
546 _aالنص باللغة العربية
650 1 4 _aذاتية الإجراءات الجنائية
_2qrmak
650 1 4 _aالقانون الجنائي
_2qrmak
651 1 _2qrmak
856 4 0 _uhttps://fll.law.cu.edu.eg/fulltext/bks/B10-06623.pdf
905 _a77
942 _2ddc
_n0
_cBK
_e21
999 _c52432
_d52432